000 00659nam a2200241Ia 4500
003 OSt
005 20220918164630.0
006 a|||||r|||| 00| 0
007 ta
008 220917b |||||||| |||| 00| 0 eng d
020 _a07069053334 (hbk)
024 _a44,028
037 _cTextual
040 _aARTS
_cARTS
_beng
041 _2eng
_aeng
082 _aO157,6M90x, 111L8.1
100 _aChatterji Suniti Kumar
_919766
245 0 _aSelect writings
260 _aNew Delhi
_bVikas
_c1978
650 _aBENGALI LITERATURE
942 _hO157,6M90x, 111L8.1
_cTEXL
_2CC
999 _c125648
_d125648